Pavement management for airports, roads, and parking lots / (Record no. 547732)
[ view plain ]
| 000 -LEADER | |
|---|---|
| fixed length control field | 00573cam a2200169 a 4500 |
| 020 ## - INTERNATIONAL STANDARD BOOK NUMBER | |
| International Standard Book Number | 0412992019 : |
| 082 00 - DEWEY DECIMAL CLASSIFICATION NUMBER | |
| Classification number | 625.8 |
| Author Mark | SHA |
| -- | L-NUST, P-40 |
| 100 1# - MAIN ENTRY--PERSONAL NAME | |
| Personal name | Shahin, Mohamed Y. |
| 9 (RLIN) | 43872 |
| 245 10 - TITLE STATEMENT | |
| Title | Pavement management for airports, roads, and parking lots / |
| Statement of responsibility, etc. | M.Y. Shahin. |
| 260 ## - PUBLICATION, DISTRIBUTION, ETC. | |
| Place of publication, distribution, etc. | New York : |
| Name of publisher, distributor, etc. | Chapman & Hall, |
| Date of publication, distribution, etc. | c1994. |
| 300 ## - PHYSICAL DESCRIPTION | |
| Extent | xiv, 450 p. : |
| Other physical details | ill. ; |
| Dimensions | 24 cm. |
| 526 ## - STUDY PROGRAM INFORMATION NOTE | |
| Program name | 0 |
| Interest level | 0 |
| Reading level | 0 |
| Title point value | 625_800000000000000_SHA |
| 650 #0 - SUBJECT ADDED ENTRY--TOPICAL TERM | |
| Topical term or geographic name entry element | NUST |
| 9 (RLIN) | 6342 |
| 650 #0 - SUBJECT ADDED ENTRY--TOPICAL TERM | |
| Topical term or geographic name entry element | Pavements |
| General subdivision | Maintenance and repair |
| -- | Management. |
| 9 (RLIN) | 21695 |
| 650 #0 - SUBJECT ADDED ENTRY--TOPICAL TERM | |
| Topical term or geographic name entry element | Pavements |
| General subdivision | Management. |
| 9 (RLIN) | 43873 |
| 942 ## - ADDED ENTRY ELEMENTS (KOHA) | |
| Source of classification or shelving scheme | |
| Koha item type | Book |
| Withdrawn status | Lost status | Source of classification or shelving scheme | Damaged status | Not for loan | Permanent Location | Current Location | Date acquired | Total Checkouts | Total Renewals | Full call number | Barcode | Date last seen | Date last checked out | Price effective from | Koha item type |
|---|---|---|---|---|---|---|---|---|---|---|---|---|---|---|---|
| Military College of Engineering (MCE) | Military College of Engineering (MCE) | 08/05/2014 | 6 | 2 | 625.8 SHA | MCE-44364 | 06/19/2019 | 05/17/2019 | 08/05/2014 | Book |
